000
00279nam a2200133Ia 4500
100
_a
Davie Keith.
942
_c
BK
654
_a
Management.
245
_a
Human relations at work.
260
_b
Tata Mc Graw hill
_c
2001
082
_a
658.3
300
_a
559
546
_a
ENGLISH
999
_c
27817
_d
27817